| 000 | 00763nam a22002177a 4500 | ||
|---|---|---|---|
| 999 |
_c1773 _d1773 |
||
| 003 | AR-CdUCM | ||
| 008 | 190227b ||||| |||| 00| 0 spa d | ||
| 040 |
_aMUNICIPALIDAD PROVINCIAL DEL CUSCO _cBIBLIOTECA MUNICIPAL DEL CUSCO |
||
| 082 |
_a301.7 / _bM43 |
||
| 100 |
_aMebrabian, Albert _96513 |
||
| 245 | _aTácticas de influencia social / | ||
| 260 |
_aMexico : _bUnión Grafica SA, _c1970. |
||
| 300 |
_a180 paginas ; _c23 cm. |
||
| 505 | _a¿De la intuición de los principios? -¿Cual es el problema? --Recompensando los errores buenos --Mas sobre recompensas ... | ||
| 650 |
_aConducta _95062 |
||
| 650 |
_aEducacion _9460 |
||
| 650 |
_aPsicopatologia _96514 |
||
| 700 |
_aRichchard S. Lazarus _96515 |
||
| 942 |
_2ddc _cLIBROS |
||
| 945 |
_arjall _d2019-02-27 |
||